000
00311nam a2200121Ia 4500
008
220204s9999 xx 000 0 und d
082
_a
NR:62:678.06
_b
DEA
100
_a
Dean-Averns, R
245
0
_a
Rubber in automobile engineering
260
_a
London
_b
NRDB
_c
1956
650
_a
Rubber engineering
942
_c
BK
999
_c
20177
_d
20177